Reverse Dictionary #99 - Statistics

General Stats
  • This quiz has been taken 29 times
  • The average score is 16 of 25
Answer Stats
Definition First
Letter
Word % Correct
An identifying name given to a book, play, film, musical composition, or other work. T title
93%
1. A group of musicians. 2. A strip or stripe that contrasts with something else in color, texture, or material. 3. A thin strip of flexible material used to encircle and bind one object or to hold a number of objects together. B band
89%
1. (v.) To shut. 2. (v.) To bring to an end.
3. (adj.) Near in space or time.
C close
89%
A facility that provides emergency, inpatient, and usually outpatient medical care for sick or injured people. H hospital
89%
Trousers made of denim or another durable fabric. J jeans
81%
A body of government employees trained in methods of law enforcement and crime prevention and detection and authorized to maintain the peace, safety, and order of the community. P police
81%
A leather seat for a rider, secured on an animal's back by a girth. S saddle
81%
1. (v.) To convert (an animal hide) into leather by subjecting it to a chemical process that stabilizes the proteins, making it less susceptible to decay. 2. (adj.) Light or moderate yellowish-brown to brownish-orange. T tan
81%
Having a facial expression characterized by an upward curving of the corners of the mouth and indicating pleasure, amusement, or derision. S smiling
78%
A brief composition written or adapted for singing. S song
74%
A cylindrical vessel used for holding or carrying liquids or solids; a pail. B bucket
70%
Happening without warning; unforeseen. S sudden
70%
(chemistry) Any one of a large number of synthetic usually organic materials that have a polymeric structure and can be moulded when soft and then set, esp. such a material in a finished state. P plastic
67%
A title, short explanation, or description accompanying an illustration or a photograph. C caption
63%
The amount of money or its equivalent received during a period of time in exchange for labor or services, from the sale of goods or property, or as profit from financial investments. I income
63%
Having an unbroken view of an entire surrounding area. P panoramic
59%
To be present in, make one’s home in or live in. I inhabit
56%
Full of or having small, solid bumps of indefinite shape. L lumpy
56%
To appeal to in supplication; to beseech. I implore
48%
Of imposing height; extremely tall. T towering
48%
Hostile and violent, especially by nature or temperament; ferocious. F fierce
44%
1. Of, relating to, produced by, or resulting from the throwing or bending back (of light or sound, for example) from a surface. 2. Characterized by or given to serious thinking or contemplation; thoughtful. R reflective
41%
Feeling or expressing remorse for one's misdeeds or sins; contrite. P penitent
37%
1. A formal account of the proceedings or transactions of a group. 2. A spoken or written account of an event, usually presented in detail. R report
30%
Providing nourishment; nourishing. N nutritious
26%
No matching quizzes found
Score Distribution
Percent of People with Each Score
Percentile by Number Answered
Your Score History
You have not taken this quiz